Central Library OPAC University of Rajshahi

Superconductivity / (Record no. 74751)

MARC details
000 -LEADER
fixed length control field 00925nam a2200301 a 4500
001 - CONTROL NUMBER
control field 74751
003 - CONTROL NUMBER IDENTIFIER
rucl marc code BD-RjUL
005 - DATE AND TIME OF LATEST TRANSACTION
control field 20211209082609.0
008 - FIXED-LENGTH DATA ELEMENTS--GENERAL INFORMATION
fixed length control field 140120s1952 enkd 000 0 eng
035 ## - SYSTEM CONTROL NUMBER
System control number (BD-RjUL)74969
System control number (OCoLC)1878725
040 ## - CATALOGING SOURCE
Original cataloging agency DLC
Transcribing agency FMU
Modifying agency OCoLC
-- DLC
-- BD-RjUL
Language of cataloging eng
041 ## - LANGUAGE CODE
Language code of text/sound track or separate title eng
082 ## - DEWEY DECIMAL CLASSIFICATION NUMBER
Classification number 537.22
Author mark and year SHS 1952
100 1# - MAIN ENTRY--PERSONAL NAME
Personal name Shoenberg, D.
Fuller form of name (David)
9 (RLIN) 28010
245 10 - TITLE STATEMENT
Title Superconductivity /
Statement of responsibility, etc. by D. Shoenberg.
260 ## - PUBLICATION, DISTRIBUTION, ETC. (IMPRINT)
Place of publication, distribution, etc. Cambridge [Eng.] :
Name of publisher, distributor, etc. The University press,
Date of publication, distribution, etc. 1952
300 ## - PHYSICAL DESCRIPTION
Pagination x, 256 p. :
Illustrations ill. ;
Size 22cm.
490 ## - SERIES STATEMENT
Series statement Cambridge monographs on physics
504 ## - BIBLIOGRAPHY, ETC. NOTE
Bibliography, etc Includes bibliography and index.
650 #0 - SUBJECT ADDED ENTRY--TOPICAL TERM
Topical term or geographic name as entry element Electric conductivity.
9 (RLIN) 28012
Topical term or geographic name as entry element Low temperature research.
9 (RLIN) 28013
Topical term or geographic name as entry element Electromagnetic theory.
9 (RLIN) 26902
830 ## - SERIES ADDED ENTRY--UNIFORM TITLE
Uniform title Cambridge monographs on physics
942 ## - ADDED ENTRY ELEMENTS (KOHA)
Source of classification or shelving scheme Dewey Decimal Classification
Koha item type Books
Holdings
Lost status Source of classification or shelving scheme Damaged status Not for loan Collection code Permanent Location Current Location Shelving location Date acquired Source of acquisition Total Checkouts Full call number Date last seen Copy number Koha item type
  Dewey Decimal Classification   Not For Loan Non-fiction Central Library, University of Rajshahi Central Library, University of Rajshahi Reading Room 26/11/1958 colombo Plan   537.22 SHS 1952 29/11/2018 C-1 Books